Použitie hlboko eutektických rozpúšťadiel pri dodatočnej delignifikácii buničiny diplomová práca

Na minha lista:
Detalhes bibliográficos
Autor principal: Horanová, Silvia
Formato: Livro
Idioma:eslovaco
Publicado em: Bratislava STU FCHPT 2017
Acesso em linha:View in OPAC
Tags: Adicionar Tag
Sem tags, seja o primeiro a adicionar uma tag!

MARC

LEADER 00000nam a2200000 a 4500
005 20260127134041.0
008 170918 2017 xo 001 0 slo d
035 |a vtls011711036 
039 9 |y 201709181111  |z mschk03 
040 |a STUSCHK1  |b slo  |c STUSCHK1  |e AACR2 
100 1 |a Horanová, Silvia 
245 1 |a Použitie hlboko eutektických rozpúšťadiel pri dodatočnej delignifikácii buničiny  |b diplomová práca  |c Silvia Horanová 
260 |a Bratislava  |b STU FCHPT  |c 2017 
300 |a 71 s.  |b il.  |c 25 cm 
500 |a Študijný program: prírodné a syntetické polyméry 
500 |a Študijný odbor: chemické technológie 
500 |a Školiace pracovisko: Odd. dreva, celulózy a papiera 
500 |a Evid. číslo: FCHPT-13576-60972 
910 |a SCHK95 
999 |c 2915  |d 2915